بز م شبلی 2018ء-201 (Record no. 166967)

MARC details
000 -LEADER
fixed length control field 00664nam a22001937a 4500
005 - DATE AND TIME OF LATEST TRANSACTION
control field 20190819124311.0
010 ## - LCCN (DPL NO)
LC control number UR-10377
020 ## - INTERNATIONAL STANDARD BOOK NUMBER
Terms of availability 400.00
International Standard Book Number 9789384036461
035 ## - SYSTEM CONTROL NUMBER
System control number U-8932
037 ## - SOURCE OF ACQUISITION
Source of stock number/acquisition DBAD/PUB
Stock number -
082 ## - DEWEY DECIMAL CLASSIFICATION NUMBER
Classification number 840.08
100 ## - MAIN ENTRY--PERSONAL NAME
Personal name مر تبہ:شبا ب الد ين
245 ## - TITLE STATEMENT
Title بز م شبلی 2018ء-201
Statement of responsibility, etc مر تبہ:شبا ب الد ين
246 ## - VARYING FORM OF TITLE
Remainder of title Bazm-e-Shibli 2018-2019 (Urdu)
Title proper/short title Compiled by Shababuddin
260 ## - PUBLICATION, DISTRIBUTION, ETC. (IMPRINT)
Place of publication, distribution, etc New Delhi
Name of publisher, distributor, etc Shababuddin
Date of publication, distribution, etc 2019 ء
270 ## - ADDRESS
Address Alhuda Publications Qaziwara Darya Ganj,
City N.Delhi
Postal code 110002
Telephone number 01143259013
Fax number -
300 ## - PHYSICAL DESCRIPTION
Extent 400 ص
Dimensions 22 Cm(Hb)
942 ## - ADDED ENTRY ELEMENTS (KOHA)
Source of classification or shelving scheme Dewey Decimal Classification
Item type Urdu Bks
Classification part 840.08
Call number suffix ش ب ل
Holdings
Withdrawn status Lost status Not for loan Collection code Home library Current library Date acquired Source of acquisition Cost, normal purchase price Full call number Barcode Copy number Cost, replacement price Koha item type
      Non-fiction Central Library Central Library 19/08/2019 DBAD/PUB 400.00 840.08 ش ب ل U-8932 1 400.00 Urdu Bks

© Delhi Public Library
Hit Counter
free hit counter